00830nam a2200169Ia 4500008004100000020003800041050002100079100002500100245018200125260002200307300002100329500003500350650003200385700012800417952009800545999001700643120626s9999 xx 000 0 und d a84-254-1934-4 \ 978-84-254-1934-8 aC HM425 H55 2001 aHILLMANN, Karl-Heinz aDiccionario enciclopédico de sociología / Karl-Heinz Hillmann ; edición: Antoni Martínez Riu ; colaboración: Josep Pont Vidal, Jordi Guiu Paya y Angels Pedrazuela Roca aEspaña : Herder a1046 p. ; 24 cm. aContiene: índice analítico aSOCIOLOGÍA - DICCIONARIOS aMARTÍNEZ RIU, Antoni (ed.) \ PONT VIDAL, Josep (colab.) \ GUIU PAYA, Jordi (colab.) \ PEDRAZUELA ROCA, Angels (colab.)Ì 00104070a22b22d2010-11-09l0oC HM425 H55 2001p17 000902r2023-09-04t1w2012-06-26yLB c73555d73555